Statistics for Biggest cities outside of Eurasia

Click here to take the quiz!

General Stats

  • This quiz has been taken 55 times
    (53 since last reset)
  • The average score is 22 of 25

Answer Stats

CountryPopulationCity% Correct
Egypt20 milCairo
100%
Mexico21.5 milMexico City
100%
United States18.8 milNew York City
98%
Brazil13.2 milRio de Janeiro
98%
United States12.4 milLos Angeles
96%
Colombia10.5 milBogota
94%
Peru10.3 milLima
94%
Argentina14.9 milBuenos Aires
92%
United States6.1 milHouston
92%
Brazil21.6 milSao Paulo
92%
Canada6 milToronto
92%
United States8.8 milChicago
90%
Nigeria13.4 milLagos
90%
Chile6.6 milSantiago
90%
South Africa5.4 milJohannesburg
88%
United States6 milMiami
88%
United States6 milDallas
86%
United States5.2 milWashington D.C.
86%
Angola7.7 milLuanda
84%
DR Congo13.1 milKinshasa
82%
Sudan5.5 milKhartoum
80%
United States5.6 milPhiladelphia
80%
Tanzania6 milDar es Salaam
78%
United States5.5 milAtlanta
76%
Brazil5.9 milBelo Horizonte
67%

Score Distribution

Percentile by Number Answered

Percent of People with Each Score

Your Score History

You have not taken this quiz since the last reset